LDR 00693naa#a2200181#i#450# 001 EN\\bibl\111187 005 20260503192113.7 011 ## _a2500-1825 100 ## _a20260331b2026####ek#y0engy0150####ca 102 ## _aRU 200 1# _aSOCIO-DEMOGRAPHIC PROCESSES IN RURAL AREAS OF THE TUVA AUTONOMOUS REGION IN THE 1940–1950s _eJournal article 210 1# _aKrasnoyarsk _cKrasnoyarsk State Agrarian University _d2026 215 ## _a10 с. 608 ## _aJournal article _2local 675 ## _aГеография. Биография. История. 9 _aИстория. Теоретические вопросы. 93 _z 700 #1 _aDorzhu _gZoya Yur'evna 700 #1 _aAydin _gValerievich Aldyn-oolov 856 4# _asej.kgau.ru _u